[Event "Titled Tuesday intern op 16th Apr Late"]
[Site "Chess.com INT"]
[Date "2024.04.16"]
[Round "2"]
[White "Maycock Bates, David Henry"]
[Black "Liu, Casper Yukun"]
[Result "0-1"]
[WhiteElo "2266"]
[BlackElo "2282"]
[PlyCount "74"]
[EventDate "2024.04.16"]
[EventType "swiss (blitz)"]
[EventRounds "11"]
[EventCountry "USA"]
[SourceTitle "CB17_2024"]
[SourceDate "2024.04.24"]
[SourceVersion "1"]
[SourceVersionDate "2024.04.24"]
[SourceQuality "1"]

1. d4 d5 2. c4 dxc4 3. Nc3 Nf6 4. e3 Bg4 5. Nf3 e6 6. Bxc4 Nc6 7. Qb3 Na5 8. Qa4+ c6 9. Be2 b5 10. Qc2 a6 11. Ne5 Bxe2 12. Nxe2 Bd6 13. Bd2 Rc8 14. b4 Nb7 15. Qb2 0-0 16. 0-0 a5 17. a4 axb4 18. axb5 cxb5 19. Bxb4 Nd5 20. Bxd6 Nxd6 21. Rfc1 Qh4 22. Rc5 h6 23. Rac1 Rxc5 24. dxc5 Ne4 25. Ng3 b4 26. Qd4 Ndc3 27. f3 b3 28. Rxc3 Nxc3 29. Qxc3 Rb8 30. Nd3 Qa4 31. c6 b2 32. Nxb2 Qa1+ 33. Nf1 Qa7 34. c7 Rc8 35. Qd4 Qxc7 36. Nd3 Qc2 37. Ne5 Ra8 0-1

[Event "Kingston-A 2nd"]
[Site "Kingston Upon Thames"]
[Date "2023.07.26"]
[Round "5"]
[White "Maycock Bates, David Henry"]
[Black "Buckley, Graeme N"]
[Result "0-1"]
[WhiteElo "2243"]
[BlackElo "2345"]
[PlyCount "158"]
[EventDate "2023.07.24"]
[EventType "tourn"]
[EventRounds "9"]
[EventCountry "ENG"]
[EventCategory "1"]
[SourceTitle "CBM 215 Extra"]
[Source "ChessBase"]
[SourceDate "2023.09.30"]
[SourceVersion "1"]
[SourceVersionDate "2023.09.30"]
[SourceQuality "1"]

1. e4 c5 2. Nf3 Nc6 3. d4 cxd4 4. Nxd4 Nf6 5. Nc3 e6 6. Ndb5 Bb4 7. a3 Bxc3+ 8. Nxc3 d5 9. Bd3 d4 10. Ne2 e5 11. 0-0 Bg4 12. h3 Bh5 13. g4 Bg6 14. Ng3 Nd7 15. g5 h6 16. Qg4 hxg5 17. Bxg5 Nf6 18. Qf3 Qd7 19. Bxf6 Qxh3 20. Rfc1 gxf6 21. Qxf6 a6 22. c3 Rh6 23. Qf3 dxc3 24. Rxc3 Ke7 25. Rac1 Bh7 26. Bc4 Bg6 27. Qg2 Qg4 28. Be2 Qf4 29. Qf3 Nd4 30. Qe3 Rah8 31. Bf3 Qxe3 32. Rxe3 Nxf3+ 33. Rxf3 Bxe4 34. Rxf7+ Kxf7 35. Rc7+ Ke8 36. Nxe4 b6 37. b4 Rg8+ 38. Kf1 Rgg6 39. Ra7 b5 40. Nc5 Kd8 41. Ke2 Kc8 42. Ra8+ Kc7 43. Ra7+ Kb8 44. Re7 Rg5 45. Ke3 Kc8 46. f3 Rg1 47. Re8+ Kc7 48. Re7+ Kd6 49. Rd7+ Kc6 50. Ra7 Kd5 51. Nxa6 Ra1 52. Nc5 Kc4 53. Nd3 Rh5 54. Rb7 Rxa3 55. Rc7+ Kd5 56. Rc5+ Kd6 57. Rc8 Rh4 58. Rd8+ Kc6 59. Kf2 Kc7 60. Rd5 e4 61. Kg3 Rxd3 62. Rc5+ Kb6 63. Kxh4 exf3 64. Kg3 Rb3 65. Rc8 Rxb4 66. Kxf3 Rd4 67. Ke3 Rd7 68. Ke2 b4 69. Rb8+ Kc5 70. Rc8+ Kb5 71. Rb8+ Kc4 72. Rc8+ Kb3 73. Rb8 Kc3 74. Rc8+ Kb2 75. Rb8 b3 76. Ra8 Kc2 77. Rc8+ Kb1 78. Rb8 b2 79. Ke3 Ra7 0-1

[Event "London Mindsports IM"]
[Site "London"]
[Date "2022.09.13"]
[Round "7"]
[White "Dong, Bao Nghia"]
[Black "Maycock Bates, David Henry"]
[Result "1-0"]
[WhiteElo "2294"]
[BlackElo "2253"]
[PlyCount "73"]
[EventDate "2022.09.09"]
[EventType "tourn"]
[EventRounds "9"]
[EventCountry "ENG"]
[EventCategory "2"]
[SourceTitle "CBM 210 Extra"]
[Source "ChessBase"]
[SourceDate "2022.11.30"]
[SourceVersion "1"]
[SourceVersionDate "2022.11.30"]
[SourceQuality "1"]

1. Nf3 Nf6 2. g3 d5 3. d4 g6 4. c4 c6 5. Bg2 Bg7 6. 0-0 0-0 7. b3 Nbd7 8. cxd5 cxd5 9. Nc3 Nb6 10. Bf4 Bf5 11. Rc1 Nc8 12. Ne5 Nd6 13. Nxd5 Nxd5 14. Bxd5 Qa5 15. Bg2 Qxa2 16. f3 g5 17. Bxg5 f6 18. Bh4 fxe5 19. dxe5 Bxe5 20. Bxe7 Rfd8 21. f4 Nf7 22. Bd5 Bb2 23. Rc7 Be6 24. Bxd8 Rxd8 25. Bxe6 Rxd1 26. Rxd1 Bd4+ 27. Kf1 Qa6 28. Bxf7+ Kf8 29. Rd7 Bb6 30. Bc4 Qa3 31. R1d5 Qc1+ 32. Kg2 Qg1+ 33. Kh3 Qf1+ 34. Kg4 Qb1 35. Rf5+ Ke8 36. Rxh7 Bd4 37. Bb5+ 1-0

[Event "London Mindsports IM"]
[Site "London"]
[Date "2022.09.12"]
[Round "6"]
[White "Maycock Bates, David Henry"]
[Black "Johnson, Daniel"]
[Result "1-0"]
[WhiteElo "2253"]
[BlackElo "2211"]
[PlyCount "77"]
[EventDate "2022.09.09"]
[EventType "tourn"]
[EventRounds "9"]
[EventCountry "ENG"]
[EventCategory "2"]
[SourceTitle "CBM 210 Extra"]
[Source "ChessBase"]
[SourceDate "2022.11.30"]
[SourceVersion "1"]
[SourceVersionDate "2022.11.30"]
[SourceQuality "1"]

1. e4 e5 2. Nf3 Nc6 3. Bb5 a6 4. Ba4 Nf6 5. 0-0 b5 6. Bb3 Bc5 7. a4 Rb8 8. c3 d6 9. d4 Bb6 10. a5 Ba7 11. h3 0-0 12. Be3 exd4 13. cxd4 Nxe4 14. Qc2 Qe8 15. Nc3 Nf6 16. Rfe1 Qd7 17. Qd1 Nb4 18. Bg5 Qf5 19. g4 Nxg4 20. Ne4 Nh6 21. Ra3 Qxh3 22. Qd2 Qg4+ 23. Ng3 Bb7 24. Bd1 Bxf3 25. Re4 Qd7 26. Rxf3 Nd5 27. Bxh6 f5 28. Rh4 gxh6 29. Qxh6 Kh8 30. Bb3 Rf6 31. Qh5 c6 32. Bc2 Rbf8 33. Bxf5 Qg7 34. Bxh7 Rxf3 35. Bf5+ Kg8 36. Be6+ R3f7 37. Rg4 Bxd4 38. Nf5 Nf4 39. Ne7# 1-0

[Event "London Mindsports IM"]
[Site "London"]
[Date "2022.09.10"]
[Round "4"]
[White "Maycock Bates, David Henry"]
[Black "Holland, James P"]
[Result "1/2-1/2"]
[WhiteElo "2253"]
[BlackElo "2247"]
[PlyCount "83"]
[EventDate "2022.09.09"]
[EventType "tourn"]
[EventRounds "9"]
[EventCountry "ENG"]
[EventCategory "2"]
[SourceTitle "CBM 210 Extra"]
[Source "ChessBase"]
[SourceDate "2022.11.30"]
[SourceVersion "1"]
[SourceVersionDate "2022.11.30"]
[SourceQuality "1"]

1. e4 c5 2. Nf3 d6 3. d4 cxd4 4. Nxd4 Nf6 5. Nc3 g6 6. Be3 Bg7 7. f3 Nc6 8. Qd2 0-0 9. 0-0-0 d5 10. Qe1 e5 11. Nxc6 bxc6 12. exd5 cxd5 13. Bg5 Be6 14. Bc4 Qc7 15. Bxd5 Nxd5 16. Nxd5 Bxd5 17. Rxd5 Rac8 18. Qd2 Rfe8 19. Re1 h6 20. Be3 e4 21. c3 exf3 22. gxf3 Qc4 23. Kb1 Rb8 24. Ka1 Rxb2 25. Kxb2 Rb8+ 26. Kc1 Bxc3 27. Rd8+ Kh7 28. Rxb8 Bxd2+ 29. Kxd2 Qxa2+ 30. Kd1 g5 31. Bd2 Qd5 32. Re4 Qd3 33. Re3 Qf1+ 34. Kc2 Kg6 35. Rb4 Qh3 36. f4 Qxh2 37. fxg5 hxg5 38. Rb5 f6 39. Re6 Qf2 40. Ra5 g4 41. Raa6 g3 42. Rxf6+ 1/2-1/2

[Event "London Mindsports IM"]
[Site "London"]
[Date "2022.09.09"]
[Round "1"]
[White "Maycock Bates, David Henry"]
[Black "Derakhshani, Borna"]
[Result "1/2-1/2"]
[WhiteElo "2253"]
[BlackElo "2367"]
[PlyCount "131"]
[EventDate "2022.09.09"]
[EventType "tourn"]
[EventRounds "9"]
[EventCountry "ENG"]
[EventCategory "2"]
[SourceTitle "CBM 210 Extra"]
[Source "ChessBase"]
[SourceDate "2022.11.30"]
[SourceVersion "1"]
[SourceVersionDate "2022.11.30"]
[SourceQuality "1"]

1. e4 c6 2. d4 d5 3. e5 Bf5 4. h4 h5 5. Bd3 Bxd3 6. Qxd3 Qa5+ 7. Nd2 e6 8. Ngf3 Qa6 9. c4 Nh6 10. 0-0 Nf5 11. b3 Be7 12. a4 Qb6 13. b4 Qd8 14. g3 Bxb4 15. Ba3 a5 16. cxd5 Qxd5 17. Nc4 Nd7 18. Qe2 0-0 19. Ne3 Nxe3 20. fxe3 Qe4 21. Ng5 Qg6 22. Kh2 Rae8 23. Bxb4 axb4 24. Rab1 f6 25. exf6 gxf6 26. Nh3 c5 27. Nf4 Qg4 28. Qxg4+ hxg4 29. dxc5 Nxc5 30. Rxb4 Ra8 31. Ng6 Rf7 32. Rxg4 Rxa4 33. Rxa4 Nxa4 34. Nf4 e5 35. Nd5 Kg7 36. Ra1 Nc5 37. Ra5 Ne4 38. Kg2 Rd7 39. Kf3 Nd2+ 40. Kg4 Nc4 41. Rc5 Nd6 42. Nb6 f5+ 43. Kf3 Re7 44. Nd5 Rf7 45. Nc3 Kf6 46. e4 fxe4+ 47. Nxe4+ Ke6+ 48. Ke3 Nf5+ 49. Kd3 Rd7+ 50. Kc3 Rd4 51. Rc4 Rd1 52. Nc5+ Kd5 53. Nd3 Nxg3 54. Rb4 Rh1 55. Rb5+ Kc6 56. Rxe5 Rxh4 57. Nb4+ Kb6 58. Nd5+ Ka7 59. Kb3 Ne4 60. Nc3 Nd2+ 61. Kc2 Nf3 62. Re4 Rh2+ 63. Kd3 Rh3 64. Re3 Ne5+ 65. Ke4 Rxe3+ 66. Kxe3 1/2-1/2

[Event "Kingston 1st"]
[Site "Kingston"]
[Date "2022.07.23"]
[Round "7"]
[White "Large, Peter G"]
[Black "Maycock Bates, David Henry"]
[Result "0-1"]
[WhiteElo "2299"]
[BlackElo "2240"]
[PlyCount "76"]
[EventDate "2022.07.19"]
[EventType "tourn"]
[EventRounds "9"]
[EventCountry "ENG"]
[SourceTitle "EXT 2024"]
[Source "ChessBase"]
[SourceDate "2023.10.10"]
[SourceVersion "1"]
[SourceVersionDate "2023.10.10"]
[SourceQuality "1"]

1. Nf3 d5 2. b3 Bg4 3. Bb2 Nd7 4. e3 Ngf6 5. h3 Bh5 6. d3 e6 7. g4 Bg6 8. Nh4 Bd6 9. Bg2 Qe7 10. a3 c6 11. Nd2 e5 12. Qe2 a5 13. 0-0 0-0 14. e4 Rae8 15. Rfe1 Nc5 16. Nf5 Bxf5 17. exf5 h6 18. a4 Qc7 19. Nf1 e4 20. Bxf6 gxf6 21. d4 Na6 22. Ne3 Nb4 23. Qd2 Kh7 24. Bf1 c5 25. dxc5 Bxc5 26. c3 Nd3 27. Bxd3 exd3 28. Qxd3 Qf4 29. Qxd5 Re5 30. Qc4 Qf3 31. Qf1 Rfe8 32. Qg2 Qf4 33. Nc2 Qd2 34. Rxe5 Rxe5 35. Ne3 Qxc3 36. Rd1 Bxe3 37. fxe3 Rxe3 38. Kh2 Qe5+ 0-1

[Event "Kingston 1st"]
[Site "Kingston"]
[Date "2022.07.23"]
[Round "8"]
[White "Maycock Bates, David Henry"]
[Black "Seymour, Timothy P"]
[Result "1-0"]
[WhiteElo "2240"]
[BlackElo "2076"]
[PlyCount "129"]
[EventDate "2022.07.19"]
[EventType "tourn"]
[EventRounds "9"]
[EventCountry "ENG"]
[SourceTitle "EXT 2024"]
[Source "ChessBase"]
[SourceDate "2023.10.10"]
[SourceVersion "1"]
[SourceVersionDate "2023.10.10"]
[SourceQuality "1"]

1. e4 e5 2. Nf3 Nc6 3. Bb5 Nf6 4. d3 Bc5 5. c3 d5 6. Qe2 0-0 7. Nbd2 dxe4 8. dxe4 a5 9. 0-0 Qe7 10. h3 Nb8 11. Re1 c6 12. Bd3 a4 13. Nc4 Nbd7 14. Bg5 h6 15. Bh4 b5 16. Ne3 Bxe3 17. Qxe3 Qc5 18. Qxc5 Nxc5 19. Bc2 Nfd7 20. b4 axb3 21. axb3 Rxa1 22. Rxa1 f6 23. Rd1 Kf7 24. Kf1 Ke7 25. Bg3 g5 26. Nh2 Rd8 27. f3 Ne6 28. Ng4 h5 29. Ne3 h4 30. Bf2 Ng7 31. c4 bxc4 32. bxc4 Ba6 33. Be1 Nb6 34. Bb4+ Ke8 35. Rxd8+ Kxd8 36. Ba5 Kc7 37. Ke2 Kb7 38. Kd3 Ne6 39. Kc3 Nd7 40. Bd3 Ndc5 41. Bf1 Nd7 42. Bb4 Ndc5 43. Ng4 Na4+ 44. Kb3 c5 45. Kxa4 cxb4 46. Nxf6 Nd4 47. Kxb4 Nc2+ 48. Kc5 Ne3 49. Bd3 Nxg2 50. Ng4 Nf4 51. Bf1 Kc7 52. Nxe5 Bc8 53. Ng4 Be6 54. Kd4 Kd6 55. c5+ Kc6 56. Ne5+ Kc7 57. Ng4 Kc6 58. Ke5 Kxc5 59. Kf6 Bxg4 60. fxg4 Kd4 61. e5 Kd5 62. Kf5 Kd4 63. e6 Kd5 64. e7 Ne6 65. Bc4+ 1-0

[Event "BCF-chT 2122 (4NCL)"]
[Site "England"]
[Date "2022.05.01"]
[Round "8.112"]
[White "Baker, Chris W"]
[Black "Maycock Bates, David Henry"]
[Result "0-1"]
[WhiteElo "2258"]
[BlackElo "2171"]
[PlyCount "72"]
[EventDate "2021.11.27"]
[EventType "team-swiss"]
[EventRounds "11"]
[EventCountry "ENG"]
[SourceTitle "EXT 2023"]
[Source "ChessBase"]
[SourceDate "2022.10.05"]
[SourceVersion "1"]
[SourceVersionDate "2022.10.05"]
[SourceQuality "1"]
[WhiteTeam "The ADS"]
[BlackTeam "Anglian Avengers"]
[WhiteTeamCountry "ENG"]
[BlackTeamCountry "ENG"]

1. e4 e5 2. Nf3 Nc6 3. Nc3 Nf6 4. a3 d5 5. exd5 Nd4 6. Nxd4 exd4 7. Bb5+ Bd7 8. Qe2+ Be7 9. d6 cxd6 10. Bxd7+ Qxd7 11. Nb5 Qc6 12. 0-0 Qxc2 13. Nxd4 Qc8 14. b4 Qg4 15. Re1 Qxe2 16. Rxe2 g6 17. Bb2 Kd7 18. Rae1 Rhe8 19. Re3 Nd5 20. Rf3 Bf6 21. Kf1 Rxe1+ 22. Kxe1 Re8+ 23. Kd1 Re4 24. Kc2 Bxd4 25. Rxf7+ Ke6 26. Rxb7 Bxb2 27. Kxb2 Re2 28. Rxa7 Rxd2+ 29. Kb3 h5 30. b5 Rxf2 31. a4 Rf4 32. Rg7 Rb4+ 33. Ka3 Kf6 34. Rd7 Rxa4+ 35. Kb3 Rb4+ 36. Ka3 Ke6 0-1

[Event "Southend Easter op 64th"]
[Site "Southend"]
[Date "2022.04.17"]
[Round "5"]
[White "Villiers, Thomas"]
[Black "Maycock Bates, David Henry"]
[Result "0-1"]
[WhiteElo "2219"]
[BlackElo "2183"]
[PlyCount "108"]
[EventDate "2022.04.15"]
[EventType "swiss"]
[EventRounds "7"]
[EventCountry "ENG"]
[SourceTitle "CBM 207 Extra"]
[Source "ChessBase"]
[SourceDate "2022.05.31"]
[SourceVersion "1"]
[SourceVersionDate "2022.05.31"]
[SourceQuality "1"]

1. c4 e6 2. Nf3 d5 3. g3 Nf6 4. Bg2 Be7 5. 0-0 0-0 6. d4 dxc4 7. Na3 c6 8. Nxc4 b5 9. Nce5 Qb6 10. Qc2 Bb7 11. Bg5 h6 12. Bh4 g5 13. Nxg5 hxg5 14. Bxg5 Kg7 15. Bxf6+ Bxf6 16. Qe4 Rd8 17. Rad1 Nd7 18. Nxc6 Bxc6 19. Qxc6 Rac8 20. Qe4 b4 21. d5 Ne5 22. dxe6 Rc4 23. Qb1 Qxe6 24. Rxd8 Bxd8 25. Qd1 Bb6 26. Bd5 Qh3 27. Bg2 Qd7 28. Qb3 Qd2 29. e3 Qc2 30. h3 Nd3 31. Qxc2 Rxc2 32. Be4 Rd2 33. Bxd3 Rxd3 34. Re1 Rd2 35. Kf1 Rxb2 36. Re2 Rb1+ 37. Re1 Rb2 38. Re2 Rb1+ 39. Re1 Rxe1+ 40. Kxe1 Kf6 41. Kd2 a5 42. Kd3 a4 43. h4 Kf5 44. h5 Kg5 45. g4 Kxg4 46. Kc4 b3 47. axb3 a3 48. Kc3 Kxh5 49. b4 Kg4 50. Kb3 Kf3 51. Kxa3 f5 52. Ka4 Kxf2 53. Kb5 Bxe3 54. Kc4 Ke2 0-1

[Event "Southend Easter op 64th"]
[Site "Southend"]
[Date "2022.04.15"]
[Round "2"]
[White "Maycock Bates, David Henry"]
[Black "Rogers, Timothy"]
[Result "1-0"]
[WhiteElo "2183"]
[BlackElo "1986"]
[PlyCount "85"]
[EventDate "2022.04.15"]
[EventType "swiss"]
[EventRounds "7"]
[EventCountry "ENG"]
[SourceTitle "CBM 207 Extra"]
[Source "ChessBase"]
[SourceDate "2022.05.31"]
[SourceVersion "1"]
[SourceVersionDate "2022.05.31"]
[SourceQuality "1"]

1. e4 d6 2. d4 Nf6 3. Nc3 e5 4. Nf3 exd4 5. Nxd4 Be7 6. h3 h5 7. Qf3 c6 8. Bf4 0-0 9. 0-0-0 Qa5 10. Nb3 Qc7 11. Rg1 Nbd7 12. g4 h4 13. g5 Nh7 14. Qh5 Ne5 15. Bxe5 dxe5 16. Bc4 Be6 17. g6 Nf6 18. gxf7+ Rxf7 19. Rxg7+ Rxg7 20. Bxe6+ Kf8 21. Qh8+ Ng8 22. Rd7 Rg1+ 23. Nd1 Qxd7 24. Bxd7 Rd8 25. Qxe5 Rxd7 26. Nd2 Nf6 27. c3 Re1 28. f3 Kf7 29. Qf4 Ke8 30. Qxh4 Rg1 31. Qf2 Rg5 32. Ne3 Bc5 33. b4 Rg2 34. Qxg2 Bxe3 35. Qg6+ Ke7 36. e5 Ne8 37. Qe4 Bxd2+ 38. Kc2 Nc7 39. f4 Ne6 40. f5 Nf4 41. e6 Rd8 42. Qe5 Nh5 43. Qc7+ 1-0

[Event "Southend Easter op 64th"]
[Site "Southend"]
[Date "2022.04.15"]
[Round "1"]
[White "Pandit, Kabir"]
[Black "Maycock Bates, David Henry"]
[Result "0-1"]
[WhiteElo "1826"]
[BlackElo "2183"]
[PlyCount "120"]
[EventDate "2022.04.15"]
[EventType "swiss"]
[EventRounds "7"]
[EventCountry "ENG"]
[SourceTitle "CBM 207 Extra"]
[Source "ChessBase"]
[SourceDate "2022.05.31"]
[SourceVersion "1"]
[SourceVersionDate "2022.05.31"]
[SourceQuality "1"]

1. c4 e6 2. g3 d5 3. d4 Nf6 4. Bg2 a6 5. Nf3 dxc4 6. 0-0 Nc6 7. a4 Rb8 8. b3 cxb3 9. Bb2 Be7 10. Qxb3 0-0 11. Rd1 b5 12. Nbd2 Qe8 13. Rdc1 Bb7 14. axb5 axb5 15. Qxb5 Ba8 16. Rxa8 Rxb5 17. Rxe8 Rxe8 18. Rxc6 Rxb2 19. Rxc7 Bd6 20. Ra7 Rc8 21. h3 Rcc2 22. e4 Bb8 23. Ra8 Nd7 24. e5 Kf8 25. Ne4 Ke7 26. Bf1 Ra2 27. Rxa2 Rxa2 28. Kg2 Nb6 29. Ned2 Ba7 30. Kg1 Nd5 31. Bc4 Ra4 32. Kf1 Nc3 33. Kg2 Rb4 34. Kf1 Ne4 35. Nxe4 Rxc4 36. Ned2 Ra4 37. Ke2 Bxd4 38. Nxd4 Rxd4 39. Ke3 Rb4 40. Ne4 Rb5 41. Kf4 Kd7 42. h4 Rb4 43. Ke3 h6 44. f4 Kc6 45. Nc3 Kc5 46. Ne4+ Kd5 47. Nc3+ Kc4 48. Ne4 Rb3+ 49. Kf2 Kd5 50. Nd6 f6 51. Ne8 Rb2+ 52. Kf3 fxe5 53. fxe5 Rb3+ 54. Kf4 Rb4+ 55. Kf3 Rb7 56. Nd6 Rb3+ 57. Kf4 Rb4+ 58. Kf3 Kxe5 59. Nf7+ Kd5 60. h5 Rb8 0-1

[Event "BCF-chT 2122 (4NCL)"]
[Site "England"]
[Date "2022.03.26"]
[Round "5.140"]
[White "Pein, Jonathan"]
[Black "Maycock Bates, David Henry"]
[Result "1-0"]
[WhiteElo "2245"]
[BlackElo "2171"]
[PlyCount "117"]
[EventDate "2021.11.27"]
[EventType "team-swiss"]
[EventRounds "11"]
[EventCountry "ENG"]
[SourceTitle "EXT 2023"]
[Source "ChessBase"]
[SourceDate "2022.10.05"]
[SourceVersion "1"]
[SourceVersionDate "2022.10.05"]
[SourceQuality "1"]
[WhiteTeam "Celtic Tigers"]
[BlackTeam "Anglian Avengers"]
[WhiteTeamCountry "ENG"]
[BlackTeamCountry "ENG"]

1. e4 e5 2. Nf3 Nc6 3. Nc3 Nf6 4. d4 exd4 5. Nxd4 Bb4 6. Nxc6 bxc6 7. Bd3 d5 8. exd5 0-0 9. 0-0 Bg4 10. f3 Bh5 11. dxc6 Qd4+ 12. Kh1 Bxc3 13. bxc3 Qxc3 14. Rb1 Bg6 15. Rb3 Qxc6 16. Bb2 Rab8 17. Qa1 Rfd8 18. Rc1 Nh5 19. Be5 Qd7 20. Rxb8 Rxb8 21. Qc3 f6 22. Qxc7 Rb7 23. Qxd7 Rxd7 24. Bxg6 hxg6 25. Bb8 Rb7 26. Bd6 Rd7 27. Bc5 Nf4 28. g3 Ne2 29. Re1 Rc7 30. Bxa7 Nxg3+ 31. hxg3 Rxa7 32. Ra1 Rc7 33. a4 Rxc2 34. a5 Rc7 35. Kg2 Kf7 36. Kf2 Ke6 37. Ke3 Ra7 38. Kd4 Kd6 39. Kc4 Kc6 40. Kb4 Rb7+ 41. Kc4 Rb5 42. f4 Rc5+ 43. Kd4 Rd5+ 44. Ke4 f5+ 45. Ke3 Kb7 46. Rb1+ Ka6 47. Rb6+ Kxa5 48. Rxg6 Kb5 49. Rxg7 Kc6 50. Re7 Kd6 51. Re8 Ra5 52. Kf3 Rb5 53. Re3 Ra5 54. g4 fxg4+ 55. Kxg4 Ra8 56. Kg5 Kd7 57. Kh6 Rg8 58. f5 Rh8+ 59. Kg7 1-0

[Event "BCF-chT 2122 (4NCL)"]
[Site "England"]
[Date "2021.11.27"]
[Round "1.12"]
[White "Tan, Justin Hy"]
[Black "Maycock Bates, David Henry"]
[Result "1-0"]
[WhiteElo "2526"]
[BlackElo "2171"]
[PlyCount "113"]
[EventDate "2021.11.27"]
[EventType "team-swiss"]
[EventRounds "11"]
[EventCountry "ENG"]
[SourceTitle "EXT 2023"]
[Source "ChessBase"]
[SourceDate "2022.10.05"]
[SourceVersion "1"]
[SourceVersionDate "2022.10.05"]
[SourceQuality "1"]
[WhiteTeam "Wood Green"]
[BlackTeam "Anglian Avengers"]
[WhiteTeamCountry "ENG"]
[BlackTeamCountry "ENG"]

1. d4 Nf6 2. c4 e6 3. Nf3 d5 4. g3 dxc4 5. Bg2 Nc6 6. 0-0 Rb8 7. e3 Be7 8. Qe2 b5 9. b3 0-0 10. bxc4 bxc4 11. Rd1 Ba6 12. Na3 Nd5 13. Re1 Bb4 14. Rf1 Qe7 15. Nc2 Nc3 16. Qe1 Nxa2 17. Qd1 Nc3 18. Nxb4 Nxb4 19. Qe1 Ncd5 20. e4 Nd3 21. Qa5 N5b4 22. Bd2 Rb5 23. Qa3 c5 24. Qc3 Rb6 25. Be3 Rd8 26. Rfb1 cxd4 27. Bxd4 Na2 28. Qa5 Rxb1+ 29. Rxb1 Nab4 30. Bc3 Rb8 31. Bf1 Rb5 32. Qa4 Nc5 33. Qa3 Nbd3 34. Rxb5 Bxb5 35. Bxd3 cxd3 36. Bd4 Qb7 37. Qxc5 Bc6 38. Qe5 f6 39. Qxe6+ Kh8 40. Bxa7 h6 41. Nd2 Bd7 42. Qb6 Qc8 43. Qb8 g5 44. Qxc8+ Bxc8 45. Bd4 Kg7 46. f3 h5 47. Kf2 Kg6 48. Ke3 Ba6 49. Nb3 f5 50. Nc5 fxe4 51. Nxa6 exf3 52. Kxd3 Kf5 53. Nc5 Kg4 54. Ne4 Kh3 55. Nxg5+ Kxh2 56. Bf2 Kg2 57. Ke3 1-0

[Event "Mexico City Fenamac-B"]
[Site "Mexico City"]
[Date "2021.07.03"]
[Round "7"]
[White "Maycock Bates, David Henry"]
[Black "Cofre Archibold, Nestor"]
[Result "0-1"]
[WhiteElo "2207"]
[BlackElo "2279"]
[PlyCount "122"]
[EventDate "2021.06.30"]
[EventType "tourn"]
[EventRounds "9"]
[EventCountry "MEX"]
[EventCategory "2"]
[SourceTitle "EXT 2022"]
[Source "ChessBase"]
[SourceDate "2021.10.06"]
[SourceVersion "1"]
[SourceVersionDate "2021.10.06"]
[SourceQuality "1"]

1. e4 c5 2. Nf3 d6 3. d4 cxd4 4. Nxd4 Nf6 5. Nc3 g6 6. f3 Bg7 7. Be3 Nc6 8. Qd2 0-0 9. 0-0-0 d5 10. exd5 Nxd5 11. Nxc6 bxc6 12. Nxd5 cxd5 13. Qxd5 Qc7 14. Qxa8 Bf5 15. Qxf8+ Kxf8 16. Bc4 Bxb2+ 17. Kxb2 Qxc4 18. Rd8+ Kg7 19. Bd4+ f6 20. Bc3 Qb5+ 21. Kc1 Qa4 22. Rd2 h5 23. Kb2 Qb5+ 24. Kc1 Qc4 25. Kb2 a5 26. a3 Qb5+ 27. Kc1 Qc5 28. Bb2 Qe3 29. Rhd1 h4 30. h3 g5 31. Rf1 Kg6 32. Kd1 Qb6 33. Kc1 Qe3 34. Kd1 Qc5 35. Re1 e5 36. Kc1 Qc4 37. Rde2 Bd7 38. Rd2 Ba4 39. Kb1 Kf5 40. Kc1 Qc5 41. Kb1 Bb5 42. Kc1 Kf4 43. Kb1 Kg3 44. Kc1 Bc4 45. Kb1 Qb5 46. Kc1 Bf1 47. a4 Qa6 48. Rxe5 Bxg2 49. Rf5 Kxh3 50. Rxf6 Qf1+ 51. Rd1 Qe2 52. Bd4 Bxf3 53. Rxf3+ Qxf3 54. Rd3 Qxd3 55. cxd3 Kg2 56. Be5 h3 57. d4 g4 58. d5 g3 59. d6 h2 60. d7 h1Q+ 61. Kb2 Qd1 0-1

[Event "World ol U16"]
[Site "Konya"]
[Date "2018.12.02"]
[Round "9.18"]
[White "Burbach, Anya Belle"]
[Black "Maycock Bates, David Henry"]
[Result "0-1"]
[WhiteElo "1111"]
[BlackElo "1773"]
[PlyCount "63"]
[EventDate "2018.11.25"]
[EventType "team-swiss"]
[EventRounds "9"]
[EventCountry "TUR"]
[SourceTitle "CBM 187 Extra"]
[Source "ChessBase"]
[SourceDate "2018.11.04"]
[SourceVersion "1"]
[SourceVersionDate "2018.11.04"]
[SourceQuality "1"]
[WhiteTeam "Thailand"]
[BlackTeam "Mexico"]
[WhiteTeamCountry "THA"]
[BlackTeamCountry "MEX"]

1. e4 e5 2. Nf3 Nc6 3. Bb5 a6 4. Bxc6 dxc6 5. d4 exd4 6. Qxd4 Qxd4 7. Nxd4 Nf6 8. f3 Bc5 9. Be3 0-0 10. Nd2 Re8 11. 0-0-0 a5 12. a4 Nd7 13. N2b3 Bb4 14. c3 Bf8 15. Rhe1 Nb6 16. Nd2 Nxa4 17. Kc2 Nb6 18. h4 h5 19. Bf4 Bd6 20. Ne2 Be6 21. Nb1 Red8 22. Na3 a4 23. Ra1 Bb3+ 24. Kc1 Bxf4+ 25. Nxf4 Rd7 26. Nc2 c5 27. Nxh5 Rad8 28. Nf4 Rd2 29. Ne3 Nc4 30. Nfd5 c6 31. Nxc4 Rc2+ 32. Kb1 0-1